Fabricação de pão francês com farinha de trigo e farinha de carimã (Registro n. 295754)
[ somente texto ]
| 000 -LÍDER | |
|---|---|
| campo de controle de tamanho fixo | 00919nac a22003017a 4500 |
| 001 - NÚMERO DE CONTROLE | |
| campo de controle | BR0704898 |
| 003 - IDENTIFICADOR DO NÚMERO DE CONTROLE | |
| campo de controle | BR-BrBNA |
| 005 - DATA E HORÁRIO DA ÚLTIMA TRANSAÇÃO | |
| campo de controle | 20240105123512.0 |
| 008 - CAMPO DE DADOS FIXOS--INFORMAÇÃO GERAL | |
| campo de controle de tamanho fixo | 230509b bl.|||m| |||| 00| 0 por d |
| 040 ## - FONTE DA CATALOGAÇÃO | |
| Instituição da catalogação original | BR-BrBNA |
| Idioma da catalogação | por |
| Instituição que transcreveu o registro | Biblioteca Nacional de Agricultura |
| 072 ## - CÓDIGO DE CATEGORIA DE ASSUNTO | |
| Código de Categoria de Assunto | Q02 |
| 090 ## - NÚMERO DE CHAMADA LOCAL | |
| Número de chamada | 9210 BR0704898 |
| 100 1# - ENTRADA PRINCIPAL--NOME PESSOAL | |
| Nome pessoal | Pimentel, F.a. |
| 100 1# - ENTRADA PRINCIPAL--NOME PESSOAL | |
| Nome pessoal | Oliveira, S.M.G. de |
| 100 1# - ENTRADA PRINCIPAL--NOME PESSOAL | |
| Nome pessoal | Damasceno, M.J.R. |
| 110 1# - ENTRADA PRINCIPAL--NOME CORPORATIVO | |
| Nome corporativo ou nome da jurisdição | EMBRAPA Acre, Rio Branco, AC (Brasil) |
| 9 (RLIN) | 3527 |
| 245 1# - TÍTULO | |
| Título | Fabricação de pão francês com farinha de trigo e farinha de carimã |
| 260 3# - PUBLICAÇÃO, DISTRIBUIÇÃO, ETC. | |
| Local de publicação, distribuição, etc. | Rio Branco, AC (Brasil): |
| Data da publicação, distribuição, etc. | 2001. |
| 300 ## - DESCRIÇÃO FÍSICA | |
| Extensão | 3 p. |
| 490 ## - TÍTULO DA SÉRIE | |
| Título da série | Comunicado Técnico - EMBRAPA Acre (Brazil) |
| Número do volume ou designação sequencial da série | no. 40 |
| ISSN - International Standard Serial Number | ISSN 0100-8668 |
| 650 ## - ASSUNTO--TERMO TÓPICO | |
| Cabeçalho tópico ou nome geográfico | PÃO |
| 650 ## - ASSUNTO--TERMO TÓPICO | |
| Cabeçalho tópico ou nome geográfico | FARINHA DE TRIGO |
| 650 ## - ASSUNTO--TERMO TÓPICO | |
| Cabeçalho tópico ou nome geográfico | PRODUTO DE PANIFICAÇÃO |
| 650 ## - ASSUNTO--TERMO TÓPICO | |
| Cabeçalho tópico ou nome geográfico | PUBA |
| 650 ## - ASSUNTO--TERMO TÓPICO | |
| Cabeçalho tópico ou nome geográfico | ACRE |
| 909 ## - | |
| -- | 202312 |
| -- | Lúcia Elande |
| -- | 55 |
| -- | Lúcia Elande |
| 942 ## - ELEMENTOS DE ENTRADA ADICIONADOS (KOHA) | |
| Fonte da classificação ou esquema de arquivamento na estante | Classificação AGRIS |
| Ocultar no OPAC | Não |
| Tipo de material Koha | Monografia Seriada |
Nenhum exemplar disponível.

BINAGRI